هداية الحيارى في أجوبة اليهود والنصارى / (رقم التسجيلة. 698)

تفاصيل مارك
000 -الفاتح
عناصر البيانات ثابتة الطول 00814cam a2200181 i 4500
005 - تاريخ ووقت آخر معاملة
حقل ضبط 20251203101636.0
008 - عناصر البيانات ثابتة الطول
عناصر البيانات ثابتة الطول 250721s1987 ua gr 000 0 ara d
082 14 - رقم تصنيف ديوي العشري
رقم التصنيف 214.2
رقم المادة ق ي م
100 1# - مدخل رئيسي – اسم شخصي
الاسم الشخصي إبن قيم الجوزية، أبو عبد الله محمد
علاقة الشخص بالعمل/ دوره مؤلف.
245 10 - بيان العنوان
العنوان هداية الحيارى في أجوبة اليهود والنصارى /
بيان المسؤولية تاليف الامام شمس الدين ابن قيم الجوزية ؛ اعتنى به وخرج احاديثه ابو عبد الرحمن عادل بن سعد.
264 1# - بيانات النشر، التوزيع…إلخ
مكان النشر، التوزيع...إلخ القاهرة :
اسم الناشر، الموزع...إلخ دار ابن الهيثم،
تاريخ النشر، التوزيع...إلخ 1987.
300 ## - الوصف المادي
عدد الوحدات المكونة للوعاء 333 صفحة.
650 17 - مدخل إضافي بالموضوع - مصطلح موضوعي
مصطلح موضوعي أو اسم جغرافي كعنصر مدخل أصول الدين الإسلامي.
650 17 - مدخل إضافي بالموضوع - مصطلح موضوعي
مصطلح موضوعي أو اسم جغرافي كعنصر مدخل النبوة.
700 1# - مدخل إضافي - اسم شخصي
الاسم الشخصي السقا، أحمد حجازي
علاقة الشخص بالعمل/ دوره تحقيق
942 ## - بيانات إضافية (كوها)
نوع التنصيف Dewey Decimal Classification
نوع المادة (كوها) كتب
المقتنيات
حالة السحب حالة الفقدان مصدر التصنيف حالة التلف غير قابل للإعارة المكتبة الرئيسية المكتبة الحالية موقع الرف تاريخ التزويد الرقم المتسلسل Total Checkouts رقم الإستدعاء الباركود تاريخ آخر ظهور تاريخ الفاتورة نوع المادة (كوها)
    Dewey Decimal Classification     المكتبة المركزية المكتبة المركزية الإعارة 28/07/2025 766743   214.2 / ق ي م PLD00179865 28/07/2025 28/07/2025 كتب
Implemented & Customized by: BBB with SCIT (Smart Chains for Information Technology)

Powered by Koha